000 01251nam a2200337 a 4500
003 BLK
005 20231110011009.0
008 180412b bul|||||r ||||||| ||bul||
010 _aKNG00001246000
020 _a954-524-038-5
040 _aBLK
041 _aBUL
_cBUL
072 7 _2bullib
_aЯ
_xАвтографи
080 _aБългарска литература
_b821.163.2
_x-31
_z821.163.2-31
100 _aГеоргиев, Лъчезар Георгиев
_d1956-
_gФилолог, автор на проза
_9368754
139 _aГеоргиев, Лъчезар Георгиев
_bГ 37
245 1 0 _aПалатът на Карагерови
_bРоман
_cЛъчезар Георгиев Георгиев; послесл. от Тодор Билчев Билчев.
257 _aBGR
260 _aВ. Търново
_bУнив. изд. Св. св. Кирил и Методий
_c1994
300 _a367 с.
_c22 см
380 _aX
659 _aЯ
700 _aБилчев, Тодор Билчев
_9242888
852 _aЦб 176739
_bЦб
856 4 _qpdf
_u
856 4 _qpdf
_u
942 _cKNG
_n0
944 _aCR
_c15.01.2003
_k
_lCRON CRON
944 _aED
_c08.06.2012
999 _c715
_d715
999 _d715